| 000 | 00627nam a2200133Ia 4500 | ||
|---|---|---|---|
| 008 | 220620s9999||||xx |||||||||||||| ||und|| | ||
| 022 | _a2192693X | ||
| 100 | _aAlbiez, Jürgen | ||
| 245 | 0 | _aFinite element simulation of dislocation based plasticity and diffusion in multiphase materials at high temperature | |
| 546 | _aEnglish[eng] | ||
| 650 | _aCrystal plasticity||Creep||Directional solidification||Gradient plasticity||Finite element simulation||Kriechen||Gerichtete Erstarrung||Finite Elemente Methode||Kristallplastizität||Gradientenplastizität | ||
| 856 | _uhttps://www.ksp.kit.edu/9783731509189 | ||
| 942 | _cEB | ||
| 999 |
_c24176 _d24176 |
||